00710nam a22002177a 4500999001500000001000600015003000900021005001700030008004100047020001800088040003800106082002000144100002200164245006200186260004300248300002400291600002500315650002200340942001200362952011800374 c3995d399518536BD-DhUAP20200316115829.0200316s2013 bg b 000 0 eng d a9847002002653 aBD-DhAALcBD-DhAALdBD-DhUAPbEng 223a821.912 HAQ aHaque, Md. Ataul. aChristina Rossetti :bselected poems /cMd. Ataul. Haque. aDhaka :bFriend's book corner,cc2013. a191 pages ;c20 cm. aRossetti, Christina. aEnglish vPoetry. 2ddccBK 00102ddc4070aUAPCLbUAPCLcGeneral Stacksd2020-03-16o821.912 HAQp3010018536r2020-03-16t1w2020-03-16yBK